SOS - ABBA Lyrics (Mamma Mia Movie) - Statistics

General Stats
  • This quiz has been taken 175 times
  • The average score is 158 of 180
Answer Stats
% Correct
so
100%
Chorus | Verse So
100%
can
99%
I
99%
SOS
99%
you,
99%
you
99%
Verse You
99%
go
96%
me,
96%
me?
96%
me
96%
The
96%
to
96%
hear
95%
love
95%
love,
95%
when
95%
When
95%
(when
95%
your
95%
can't
94%
darling,
93%
near
93%
on?
93%
try
91%
try,
91%
you're
91%
How
90%
how
90%
be
89%
gone
89%
gone,
89%
gone),
89%
gave
88%
It
86%
it
86%
nothing
86%
carry
85%
else
85%
even
85%
good
85%
save
85%
What
84%
used
83%
are
80%
understood
79%
happened
78%
seem
78%
though
78%
but
76%
our
76%
wish
75%
away,
74%
far
74%
nice,
74%
Verse Where
74%
standing
73%
those
73%
days?
71%
for
71%
happy
70%
hard
70%
They
70%
tried
70%
find
69%
have
69%
reach
69%
mind
65%
closed
64%
make
64%
something
61%
Whatever
60%
feel
59%
fear
58%
died
56%
alive,
54%
really
51%
made
50%
out,
44%
No matching quizzes found
Score Distribution
Percent of People with Each Score
Percentile by Number Answered
Your Score History
You have not taken this quiz